[Event "IECG WC.2006.S.00003 email"]
[Site "IECG email"]
[Date "2004.07.18"]
[Round "?"]
[White "Fateev, Sergey Anatolievich"]
[Black "Taboada, Pedro Pablo"]
[Result "0-1"]
[WhiteElo "2385"]
[BlackElo "2346"]
[PlyCount "53"]
[EventDate "2004.07.18"]
[EventType "tourn (corr)"]
[EventRounds "10"]
[SourceTitle "Corr 2008"]
[Source "ChessBase"]
[SourceDate "2008.06.24"]
[SourceVersion "1"]
[SourceVersionDate "2008.06.24"]
[SourceQuality "1"]

1. d4 Nf6 2. Bg5 Ne4 3. h4 d5 4. Nd2 Nxg5 5. hxg5 Bf5 6. e3 e6 7. g4 Bg6 8. f4 c5 9. Ngf3 Nc6 10. c3 Qb6 11. Nh4 Qxb2 12. Nxg6 fxg6 13. Qb1 Qxb1+ 14. Rxb1 cxd4 15. cxd4 Bb4 16. Bb5 a5 17. Ke2 0-0 18. Rh3 Rxf4 19. Bxc6 Rxg4 20. Bd7 Rg2+ 21. Kf3 Rxg5 22. Bxe6+ Kh8 23. Rh2 Re8 24. Rc1 Bd6 25. Rf2 h5 26. Rc8 Rxc8 27. Bxc8 0-1

[Event "IECG CM.2004.0.00246 email"]
[Site "IECG email"]
[Date "2004.05.16"]
[Round "?"]
[White "Cottegnie, Francis"]
[Black "Taboada, Pedro Pablo"]
[Result "1/2-1/2"]
[WhiteElo "2301"]
[BlackElo "2347"]
[PlyCount "53"]
[EventDate "2004.05.16"]
[EventType "tourn (corr)"]
[EventRounds "6"]
[SourceTitle "Corr 2008"]
[Source "ChessBase"]
[SourceDate "2008.06.24"]
[SourceVersion "1"]
[SourceVersionDate "2008.06.24"]
[SourceQuality "1"]

1. Nc3 d5 2. d4 Nf6 3. Bg5 Nbd7 4. f3 c5 5. e4 dxe4 6. fxe4 Qa5 7. Bxf6 exf6 8. d5 Bd6 9. Nf3 0-0 10. Be2 Ne5 11. Qd2 Bd7 12. 0-0 Nxf3+ 13. gxf3 f5 14. Kh1 Be5 15. exf5 Bxf5 16. Bd3 Bxd3 17. Qxd3 c4 18. Qxc4 Rac8 19. Qe4 Bxc3 20. bxc3 Rxc3 21. d6 Rc6 22. Rad1 Rd8 23. Qe7 g6 24. Rf2 Qb6 25. Rfd2 Rc3 26. Kg2 Re3 27. Qc7 1/2-1/2

[Event "IECG CM.2004.0.00246 email"]
[Site "IECG email"]
[Date "2004.05.16"]
[Round "?"]
[White "Taboada, Pedro Pablo"]
[Black "Toscano, John"]
[Result "1/2-1/2"]
[WhiteElo "2347"]
[BlackElo "2301"]
[PlyCount "73"]
[EventDate "2004.05.16"]
[EventType "tourn (corr)"]
[EventRounds "6"]
[SourceTitle "Corr 2008"]
[Source "ChessBase"]
[SourceDate "2008.06.24"]
[SourceVersion "1"]
[SourceVersionDate "2008.06.24"]
[SourceQuality "1"]

1. d4 c5 2. d5 e6 3. c4 exd5 4. cxd5 Ne7 5. Nc3 Ng6 6. Nf3 d6 7. g3 Be7 8. Bg2 0-0 9. 0-0 Re8 10. Qc2 a6 11. a4 Nd7 12. Rb1 Bf6 13. Be3 Nb6 14. Nd2 Ne7 15. Qb3 Nf5 16. Nce4 Be7 17. a5 Nd7 18. Nc4 b5 19. axb6 Rb8 20. Bf4 Nxb6 21. Nxb6 Rxb6 22. Qd3 Rb4 23. Bd2 Rd4 24. Qc2 Rxd5 25. e3 Be6 26. Ra1 c4 27. Rxa6 Rd3 28. Rfa1 d5 29. Nc3 d4 30. Ra8 Qd7 31. exd4 Nxd4 32. Qa4 Qxa4 33. R1xa4 Bd7 34. Rxe8+ Bxe8 35. Ra8 Rxd2 36. Rxe8+ Bf8 37. Rc8 1/2-1/2

[Event "IECG WC.2004.T.00004 email"]
[Site "IECG email"]
[Date "2003.08.15"]
[Round "?"]
[White "Stillerud, Lennart"]
[Black "Taboada, Pedro Pablo"]
[Result "0-1"]
[WhiteElo "2304"]
[BlackElo "2366"]
[PlyCount "28"]
[EventDate "2003.08.15"]
[EventType "tourn (corr)"]
[EventRounds "8"]
[SourceTitle "Corr 2008"]
[Source "ChessBase"]
[SourceDate "2008.06.24"]
[SourceVersion "1"]
[SourceVersionDate "2008.06.24"]
[SourceQuality "1"]

1. e4 c5 2. Nf3 d6 3. d4 cxd4 4. Nxd4 Nf6 5. Nc3 Nc6 6. Bg5 e6 7. Qd2 Be7 8. 0-0-0 0-0 9. f4 h6 10. Bh4 Bd7 11. Ndb5 d5 12. e5 Ne4 13. Bxe7 Nxd2 14. Rxd2 Qxe7 0-1